[Event "CRO-ch U13"]
[Site "Trogir"]
[Date "2023.06.25"]
[Round "8"]
[White "Djurasin, Dominik"]
[Black "Reljac, Simun"]
[Result "0-1"]
[WhiteElo "1292"]
[BlackElo "1812"]
[PlyCount "120"]
[EventDate "2023.06.21"]
[EventType "swiss"]
[EventRounds "9"]
[EventCountry "CRO"]
[SourceTitle "EXT 2024"]
[Source "ChessBase"]
[SourceDate "2023.10.10"]
[SourceVersion "1"]
[SourceVersionDate "2023.10.10"]
[SourceQuality "1"]

1. e4 e6 2. d4 d5 3. exd5 exd5 4. Nc3 c6 5. Bf4 Bd6 6. Bxd6 Qxd6 7. Nf3 Ne7 8. Bd3 Bf5 9. Qe2 Bxd3 10. Qxd3 Qe6+ 11. Qe3 Qxe3+ 12. fxe3 0-0 13. 0-0-0 Re8 14. e4 Nd7 15. Rde1 f6 16. exd5 Nxd5 17. Nxd5 cxd5 18. Nh4 g6 19. b3 Kf7 20. Kb2 Rxe1 21. Rxe1 Re8 22. Rxe8 Kxe8 23. c4 Nb6 24. Kc3 Kd7 25. c5 Nc8 26. b4 a6 27. Nf3 Ne7 28. a4 Nf5 29. Kd3 Kc7 30. g4 Ne7 31. b5 axb5 32. axb5 h6 33. h4 Kd7 34. g5 hxg5 35. hxg5 Ke6 36. gxf6 Kxf6 37. Ne5 Nc8 38. c6 b6 39. c7 g5 40. Ke3 Ke7 41. Kf3 Kd6 42. Kg4 Kxc7 43. Kxg5 Nd6 44. Nc6 Nxb5 45. Nb4 Kd6 46. Nc2 Ke6 47. Kg4 Nc7 48. Ne3 b5 49. Nc2 Kf6 50. Nb4 Ke6 51. Kf4 Kd6 52. Kf5 Ne6 53. Nc2 Nd8 54. Nb4 Nc6 55. Nxc6 Kxc6 56. Kf4 b4 57. Ke3 Kb5 58. Kd3 Ka4 59. Kc2 Ka3 60. Kb1 Kb3 0-1

[Event "CRO-ch U13"]
[Site "Trogir"]
[Date "2023.06.23"]
[Round "5"]
[White "Dimac, Petar"]
[Black "Djurasin, Dominik"]
[Result "1/2-1/2"]
[WhiteElo "1219"]
[BlackElo "1292"]
[PlyCount "53"]
[EventDate "2023.06.21"]
[EventType "swiss"]
[EventRounds "9"]
[EventCountry "CRO"]
[SourceTitle "EXT 2024"]
[Source "ChessBase"]
[SourceDate "2023.10.10"]
[SourceVersion "1"]
[SourceVersionDate "2023.10.10"]
[SourceQuality "1"]

1. e4 c5 2. c3 e5 3. Nf3 Nc6 4. Bb5 Nf6 5. 0-0 a6 6. Bxc6 bxc6 7. Nxe5 Qc7 8. Nf3 Be7 9. d3 0-0 10. Re1 d5 11. exd5 cxd5 12. h3 Rb8 13. b3 h6 14. Ba3 Bd6 15. Nbd2 Bf5 16. Nf1 Qa5 17. Bb2 Rfd8 18. Ne3 Bg6 19. Kh1 Bf4 20. g3 Bxe3 21. fxe3 Qc7 22. Rg1 c4 23. d4 Be4 24. b4 Nh5 25. Kh2 Rb6 26. Ne5 Rf6 27. Ng4 1/2-1/2

[Event "CRO-ch U13"]
[Site "Trogir"]
[Date "2023.06.23"]
[Round "4"]
[White "Djurasin, Dominik"]
[Black "Apostolovski, Filip"]
[Result "1-0"]
[WhiteElo "1292"]
[BlackElo "1366"]
[PlyCount "71"]
[EventDate "2023.06.21"]
[EventType "swiss"]
[EventRounds "9"]
[EventCountry "CRO"]
[SourceTitle "EXT 2024"]
[Source "ChessBase"]
[SourceDate "2023.10.10"]
[SourceVersion "1"]
[SourceVersionDate "2023.10.10"]
[SourceQuality "1"]

1. e4 c5 2. Nf3 e6 3. d4 cxd4 4. Nxd4 Nc6 5. Nxc6 bxc6 6. Nc3 Qc7 7. Bc4 Nf6 8. 0-0 Be7 9. Be3 0-0 10. f4 d5 11. Bd3 Rd8 12. e5 Ne8 13. Ne2 Bb7 14. c3 c5 15. Ng3 c4 16. Bc2 Qc6 17. Qe2 Bc5 18. Bd4 Qb6 19. Rad1 Bxd4+ 20. cxd4 Ba6 21. Qh5 h6 22. Rf2 Bc8 23. f5 exf5 24. Nxf5 Qe6 25. Rf3 Rb8 26. Rdf1 Rd7 27. Ba4 Rbb7 28. Bxd7 Rxd7 29. Rg3 Kf8 30. Nxg7 Nxg7 31. Rxg7 Kxg7 32. Rf6 Qe7 33. Qxh6+ Kg8 34. e6 Qe8 35. exf7+ Rxf7 36. Rg6+ 1-0

[Event "CRO-ch U13"]
[Site "Trogir"]
[Date "2023.06.22"]
[Round "3"]
[White "Nimac Kalcina, Vito"]
[Black "Djurasin, Dominik"]
[Result "0-1"]
[WhiteElo "1399"]
[BlackElo "1292"]
[PlyCount "68"]
[EventDate "2023.06.21"]
[EventType "swiss"]
[EventRounds "9"]
[EventCountry "CRO"]
[SourceTitle "EXT 2024"]
[Source "ChessBase"]
[SourceDate "2023.10.10"]
[SourceVersion "1"]
[SourceVersionDate "2023.10.10"]
[SourceQuality "1"]

1. e4 c5 2. Nf3 Nc6 3. b4 d6 4. b5 Nd4 5. h3 g6 6. c3 Nxf3+ 7. Qxf3 Bg7 8. Bc4 Nf6 9. d4 cxd4 10. cxd4 0-0 11. 0-0 Be6 12. Bxe6 fxe6 13. Qd3 Nd7 14. Be3 Nc5 15. Qc4 Qa5 16. Nc3 Kh8 17. dxc5 Bxc3 18. Rac1 Bf6 19. c6 Rac8 20. c7 Bb2 21. Rc2 Be5 22. Rfc1 d5 23. exd5 Rxc7 24. Qd3 Rxc2 25. Rxc2 Qe1+ 26. Qf1 Bh2+ 27. Kxh2 Qxf1 28. Rc7 Qxb5 29. Rxe7 Qxd5 30. g3 e5 31. a3 a5 32. Kg1 b5 33. Bh6 Qd1+ 34. Kg2 Qf3+ 0-1